Talking Heads Discography - Statistics

General Stats
  • This quiz has been taken 9 times
  • The average score is 21 of 87
Answer Stats
Answer % Correct
Psycho Killer
71%
Road to Nowhere
71%
Swamp
71%
And She Was
57%
Burning Down the House
57%
Speaking in Tongues (1983)
57%
Take Me to the River
57%
Talking Heads: 77 (1977)
57%
This Must Be the Place (Naive Melody)
57%
Air
43%
Cross-eyed and Painless
43%
Found a Job
43%
Girlfriend Is Better
43%
Houses in Motion
43%
I Zimbra
43%
Life During Wartime
43%
Little Creatures (1985)
43%
More Songs About Buildings and Food (1978)
43%
Once in a Lifetime
43%
Remain in Light (1980)
43%
The Great Curve
43%
Animals
29%
Blind
29%
Born Under Punches (The Heat Goes On)
29%
Cities
29%
City of Dreams
29%
Creatures of Love
29%
Drugs
29%
Heaven
29%
Listening Wind
29%
Making Flippy Floppy
29%
Mommy Daddy You and I
29%
Mr. Jones
29%
Naked (1988)
29%
Puzzlin' Evidence
29%
Slippery People
29%
Stay Up Late
29%
The Big Country
29%
The Overload
29%
Don't Worry About the Government
14%
Dream Operator
14%
Electric Guitar
14%
Fear of Music (1979)
14%
Happy Day
14%
Hey Now
14%
I Get Wild/Wild Gravity
14%
I'm Not in Love
14%
Memories Can't Wait
14%
Moon Rocks
14%
New Feeling
14%
No Compassion
14%
(Nothing But) Flowers
14%
Papa Legba
14%
Paper
14%
People Like Us
14%
Perfect World
14%
Pulled Up
14%
Pull Up the Roots
14%
Radio Head
14%
Seen and Not Seen
14%
Stay Hungry
14%
Television Man
14%
Thank You for Sending Me an Angel
14%
The Book I Read
14%
The Democratic Circus
14%
The Facts of Life
14%
The Girls Want to Be with the Girls
14%
The Good Thing
14%
The Lady Don't Mind
14%
Totally Nude
14%
True Stories (1986)
14%
Uh-Oh, Love Comes to Town
14%
Who Is It?
14%
Wild Wild Life
14%
With Our Love
14%
Artists Only
0%
Big Daddy
0%
Bill
0%
Cool Water
0%
First Week/Last Week... Carefree
0%
Give Me Back My Name
0%
Love for Sale
0%
Mind
0%
Ruby Dear
0%
Tentative Decisions
0%
Walk It Down
0%
Warning Sign
0%
No matching quizzes found
Score Distribution
Percent of People with Each Score
Percentile by Number Answered
Your Score History
You have not taken this quiz